Diccionario enciclopédico de la época de La Reforma

Kaydedildi:
Detaylı Bibliyografya
Yazar: Kasper, Walter (autor)
Materyal Türü: Kitap
Dil:İspanyolca
Baskı/Yayın Bilgisi: Barcelona Herder 2005
Edisyon:1a. ed
Konular:
Etiketler: Etiketle
Etiket eklenmemiş, İlk siz ekleyin!

MARC

LEADER 00000cam a2200000 a 4500
001 UCE1728
003 CL-VaPUC
008 140508e20050000sp |||||||||||||||||spa|d
020 |a 842542352X 
082 0 4 |a 909.4  |b KAS  |2 21 
100 |a Kasper, Walter  |e autor  |9 597382 
245 1 0 |a Diccionario enciclopédico de la época de La Reforma 
250 |a 1a. ed 
300 |a 639 p 
942 |c BK 
945 |d 20140508 16:03:00  |a dcastane 
260 |a Barcelona  |b Herder  |c 2005 
650 0 |a Historia de Europa  |9 392003 
650 7 |a REFORMA  |2 CL-VaPUC  |9 319527 
650 0 |a Diccionarios  |9 256200 
650 7 |a DICCIONARIOS HISTORICOS  |2 CL-VaPUC  |9 556179 
583 |a last modification  |c 20140519 09:45:14  |k Rodrigo Vera 
999 |c 355449  |d 355447 
952 |0 0  |1 0  |3 erd  |4 0  |6 909_400000000000000_KAS_2005  |7 0  |8 F  |9 462179  |a BIBTEO  |b BIBTEO  |i 5073871  |o 909.4 KAS 2005  |p 5073871  |r 2025-01-17  |w 2019-11-23  |y BK_F  |z Catalogado en:20140508  |k ICR